000 01282cam a2200205 a 4500
001 3215803
003 OSt
005 20151013103020.0
008 780718m19779999mdua b 001 0 eng
040 _aSEKU
050 0 0 _aQP6
_b.H25 1977
130 0 _aHandbook of physiology (Bethesda, Md.)
245 1 0 _aHandbook of physiology :
_ba critical, comprehensive presentation of physiological knowledge and concepts.
260 _aBethesda, Md. :
_bAmerican Physiological Society ;
_aBaltimore :
_bDistributed by Williams & Wilkins,
_cc1977-<1999 >
300 _a<v. 1-4, 6, 7, pts. 1&5, 8, 11, 13-14; in 28 > :
_bill. ;
504 _aIncludes bibliographical references
505 1 _asection 1. The Nervous system (5 v. in 9) -- section 2. The Cardiovascular system (4 v. in 6) -- section 3. The Respiratory system (4 v. in 6) -- section 7: The endocrine system (v. 1). Cellular endocrinology / edited by P. Michael Conn -- (v. 5). Hormonal control of growth / editor Jack L. Kostyo -- section 8. Renal physiology (2 v.) -- section 11. Aging / edited by Edward J. Masoro -- section 13. Comparative physiology (2 v.) / edited by William H. Dantzler -- section 14. Cell physiology / edited by Joseph F. Hoffman, James D. Jamieson.
650 0 _aPhysiology.
942 _2lcc
_cGEN
999 _c9429
_d9429